00705cam a22001931 450000100100000000500170001000800410002704000250006804100130009310000210010624500750012726000570020230000360025944000420029550000590033750400320039665000460042865100370047400000254020200929150217.0840524s1968 oncf b 000 0 fre  aDO-SdBNPbspacBNPHU17aspaheng1 aSabourin, Louis.13aLe systeme politique du Canada, institutions federales et quebecoises. aOttawa, :bEditions de l'Universite d'Ottawa,c1968. axi, 507 p. :bplates. ;c24 cm. 0aCahiers des sciences sociales ;vno 4 aAt head of title: Sous la direction de Louis Sabourin. aBibliography: p. [475]-502. 0aLocal governmentzQuebec (Province{Rpara} 0aCanadaxPolitics And Government.